Introducción a los estudios sobre masculinidad
Guardado en:
| Hovedforfatter: | |
|---|---|
| Format: | Bog |
| Sprog: | Spanish |
| Udgivet: |
San José, C.R. : Centro Nacional para el Desarrollo de la Mujer y la Familia,
1997
|
| Serier: | Colección temática
|
| Fag: | |
| Tags: |
Tilføj Tag
Ingen Tags, Vær først til at tagge denne postø!
|
MARC
| LEADER | 00000nam a2200000Ia 4500 | ||
|---|---|---|---|
| 003 | 004514 | ||
| 005 | 20221231144024.0 | ||
| 008 | 140114s1997 cr a 000 ||spa d | ||
| 020 | |a 9968742546 | ||
| 040 | |c cru CEDI | ||
| 082 | |a 305.32 G631i | ||
| 100 | |a Gomáriz Moraga, Enrique |9 20545 | ||
| 245 | |a Introducción a los estudios sobre masculinidad | ||
| 260 | |a San José, C.R. : Centro Nacional para el Desarrollo de la Mujer y la Familia, |c 1997 | ||
| 300 | |a 127 páginas | ||
| 440 | |a Colección temática |n no. 7 |9 20546 | ||
| 650 | |x MASCULINIDAD |x ROLES SEXUALES |9 20547 | ||
| 942 | |2 ddc |c BK | ||
| 999 | |c 15731 |d 15731 | ||



